000 00560nam a2200193Ia 4500
008 240729s9999 xx 000 0 und d
022 _a2050-2974
245 0 _aJournal of Eating Disorders
260 _aUnited Kingdom
260 _bBMC
650 _a Internal medicine
650 _a Neurology. Diseases of the nervous system
650 _a Neurosciences. Biological psychiatry. Neuropsychiatry
650 _a Psychiatry
650 _aMedicine
856 _uhttps://doaj.org/toc/4a3e265a0c0941fcb4719f60e6f187f1
942 _2ddc
942 _cDOAJEJ
999 _c74088
_d74088
945 _a1
_bMadushi Gamage
_c1
_dMadushi Gamage